[Event "Aurangabad MyBrain op 1st"]
[Site "Aurangabad"]
[Date "2018.04.28"]
[Round "1"]
[White "Sharma, Dinesh Kumar"]
[Black "Patil, Vaibhav Ramdas"]
[Result "1-0"]
[WhiteElo "2357"]
[BlackElo "1063"]
[PlyCount "108"]
[EventDate "2018.04.28"]
[EventType "swiss (rapid)"]
[EventRounds "9"]
[EventCountry "IND"]
[SourceTitle "CBM 184 Extra"]
[Source "ChessBase"]
[SourceDate "2018.06.28"]
[SourceVersion "1"]
[SourceVersionDate "2018.06.28"]
[SourceQuality "1"]

1. e4 e5 2. Nf3 Nc6 3. Bb5 a6 4. Ba4 Nf6 5. d3 Be7 6. 0-0 0-0 7. Bxc6 bxc6 8. Nxe5 Bd6 9. Nf3 Re8 10. Bg5 h6 11. Bh4 Be7 12. Nbd2 Bb7 13. Re1 Nh7 14. Bxe7 Rxe7 15. Nb3 d6 16. Na5 Rb8 17. Nd4 Qe8 18. Nxb7 Rxb7 19. b3 c5 20. Nf5 Re6 21. h3 c6 22. f4 Qb8 23. Qd2 Nf8 24. Re2 d5 25. Rae1 dxe4 26. dxe4 Ng6 27. e5 Rb4 28. Re4 Qb6 29. Kh2 Qa5 30. Rxb4 cxb4 31. Nd4 Qd5 32. f5 Rxe5 33. fxg6 Rxe1 34. Qxe1 fxg6 35. Qe6+ Qxe6 36. Nxe6 Kf7 37. Nd8+ Ke8 38. Nxc6 Kd7 39. Nxb4 a5 40. Nd3 Kd6 41. c4 h5 42. g4 hxg4 43. hxg4 g5 44. Kg3 Kc6 45. Kf3 Kd6 46. Ke4 Ke6 47. a3 g6 48. b4 axb4 49. axb4 Kd6 50. Ne5 Ke6 51. Nxg6 Kf6 52. Ne5 Ke6 53. Nf3 Kd6 54. Nxg5 Kc6 1-0